| 000 | 00754cam a2200253 4500500 | ||
|---|---|---|---|
| 005 | 20260405001124.0 | ||
| 041 | _afre | ||
| 042 | _adc | ||
| 100 | 1 | 0 |
_aOrtoli, Sven _eauthor |
| 245 | 0 | 0 | _aKwame Anthony Appiah : “Pourquoi en appeler à l’honneur” |
| 260 | _c2011. | ||
| 500 | _a41 | ||
| 690 | _aAppiah | ||
| 690 | _aChoc des civilisations | ||
| 690 | _aCivilisations | ||
| 690 | _aCosmopolitisme | ||
| 690 | _aCulture | ||
| 690 | _aHistoire | ||
| 690 | _aHonneur | ||
| 690 | _aKwame Anthony Appiah | ||
| 690 | _aOrient-Occident | ||
| 786 | 0 | _nPhilosophie magazine | 49 | 5 | 2011-05-01 | p. 27-29 | 1951-1787 | |
| 856 | 4 | 1 | _uhttps://shs.cairn.info/magazine-philosophie-magazine-2011-5-page-27?lang=fr&redirect-ssocas=7080 |
| 999 |
_c2044263 _d2044263 |
||